000 00370nam a2200157Ia 4500
008 230711s9999||||xx |||||||||||||| ||und||
041 _aENG
082 _a720
_bMI-A
100 _aMichell,George
245 0 _aArchitecture of the islamic world
250 _a1st
260 _c1995
_aNew Delhi
_bThames & Hudson
300 _a288
650 _aArchitecture
942 _cBK
999 _c3276
_d3276